[Event "Vlissingen HZ op 23rd"]
[Site "Vlissingen"]
[Date "2019.08.06"]
[Round "5"]
[White "Van Rij, Gert"]
[Black "Muenk, Johannes"]
[Result "1/2-1/2"]
[WhiteElo "1960"]
[BlackElo "1697"]
[PlyCount "72"]
[EventDate "2019.08.03"]
[EventType "swiss"]
[EventRounds "9"]
[EventCountry "NED"]
[SourceTitle "CBM 191 Extra"]
[Source "ChessBase"]
[SourceDate "2019.09.30"]
[SourceVersion "1"]
[SourceVersionDate "2019.09.30"]
[SourceQuality "1"]

1. d4 Nf6 2. c4 g6 3. Nc3 d5 4. cxd5 Nxd5 5. e4 Nxc3 6. bxc3 Bg7 7. Bg5 c5 8. Rc1 0-0 9. Nf3 Bg4 10. d5 f5 11. Qb3 Kh8 12. Nd2 fxe4 13. Qxb7 Nd7 14. h3 Rb8 15. Qa6 Bf5 16. g4 Ne5 17. gxf5 Rxf5 18. Be3 Rb2 19. c4 e6 20. Qxe6 Rxd2 21. Kxd2 Qa5+ 22. Kd1 Qxa2 23. Be2 Qb3+ 24. Kd2 Nf3+ 25. Bxf3 Qd3+ 26. Ke1 exf3 27. Bd2 Re5+ 28. Qxe5 Bxe5 29. Kd1 Qe2+ 30. Kc2 Qxc4+ 31. Kd1 Qe2+ 32. Kc2 Qxf2 33. Rhe1 Qd4 34. Rxe5 Qa4+ 35. Kb2 Qb5+ 36. Kc2 Qa4+ 1/2-1/2

[Event "Vellmar op 11th"]
[Site "Vellmar"]
[Date "2019.07.07"]
[Round "7"]
[White "Muenk, Johannes"]
[Black "Spiess, Thomas"]
[Result "0-1"]
[WhiteElo "1685"]
[BlackElo "1986"]
[PlyCount "54"]
[EventDate "2019.07.04"]
[EventType "swiss"]
[EventRounds "7"]
[EventCountry "GER"]
[SourceTitle "CBM 191 Extra"]
[Source "ChessBase"]
[SourceDate "2019.09.30"]
[SourceVersion "1"]
[SourceVersionDate "2019.09.30"]
[SourceQuality "1"]

1. d4 d5 2. Bf4 c5 3. e3 Nc6 4. c3 Bf5 5. Nd2 Qb6 6. Qb3 Nf6 7. Ngf3 c4 8. Qxb6 axb6 9. Be2 e6 10. 0-0 h6 11. b3 b5 12. a4 b4 13. Rfc1 bxc3 14. Rxc3 Bb4 15. Rcc1 c3 16. Nb1 c2 17. Na3 Bc3 18. Ra2 Nb4 19. Raxc2 Nxc2 20. Nxc2 0-0 21. Nce1 Rfc8 22. Bb5 Bb4 23. Rc7 Rxc7 24. Bxc7 Rc8 25. Bb6 Rc1 26. Kf1 Bg4 27. Bc5 Bc3 0-1